Selecting package wastewater treatment works (Record no. 101344)

MARC details
000 -LEADER
fixed length control field 00584cam a2200229 4500
008 - FIXED-LENGTH DATA ELEMENTS--GENERAL INFORMATION
fixed length control field 000000n2001 000 0 eng u
020 ## - INTERNATIONAL STANDARD BOOK NUMBER
International Standard Book Number 0860178722
035 ## - SYSTEM CONTROL NUMBER
System control number (Sirsi) u112027
050 ## - LIBRARY OF CONGRESS CALL NUMBER
Classification number 628.3
100 ## - MAIN ENTRY--PERSONAL NAME
Personal name Dee, T.
100 ## - MAIN ENTRY--PERSONAL NAME
Personal name Sivil, D.
245 ## - TITLE STATEMENT
Title Selecting package wastewater treatment works
260 ## - PUBLICATION, DISTRIBUTION, ETC.
Place of publication, distribution, etc. London
Name of publisher, distributor, etc. CIRIA
Date of publication, distribution, etc. 2001
300 ## - PHYSICAL DESCRIPTION
Extent 112p. ; 30cm.
490 ## - SERIES STATEMENT
Series statement CIRIA Project Report
Volume/sequential designation 72
650 ## - SUBJECT ADDED ENTRY--TOPICAL TERM
Topical term or geographic name entry element SEWAGE
650 ## - SUBJECT ADDED ENTRY--TOPICAL TERM
Topical term or geographic name entry element WASTE WATER
650 ## - SUBJECT ADDED ENTRY--TOPICAL TERM
Topical term or geographic name entry element POLLUTION
650 ## - SUBJECT ADDED ENTRY--TOPICAL TERM
Topical term or geographic name entry element SEPTIC TANKS
690 ## - LOCAL SUBJECT ADDED ENTRY--TOPICAL TERM (OCLC, RLIN)
Topical term or geographic name as entry element ENVIRONMENTAL AND LAND CONSULTANCY
942 ## - ADDED ENTRY ELEMENTS (KOHA)
Suppress in OPAC 0
Holdings
Withdrawn status Lost status Source of classification or shelving scheme Damaged status Not for loan Home library Current library Shelving location Date acquired Total Checkouts Full call number Barcode Date last seen Date last checked out Copy number Price effective from Koha item type
    Dewey Decimal Classification     London London Folio 17/04/2001 8 F628.3 DEE 30064040 06/08/2019 28/08/2009 1 06/08/2019 Book